Baseball Abbreviations - Statistics

General Stats
  • This quiz has been taken 52 times
  • The average score is 35 of 136
Answer Stats
Abbreviation Baseball Term % Correct
AB At-Bat
97%
H Hit
75%
2B Second Base
75%
2B Double
72%
HR Home Run
72%
HBP Hit by Pitch
67%
SB Stolen Base
67%
R Run
64%
K | SO Strikeout
64%
3B Triple
64%
ER Earned Run
61%
1B First Base
61%
3B Third Base
61%
SV Save
58%
W Win
58%
E Error
56%
RBI Runs Batted In
56%
C(2) Catcher
53%
CS Caught Stealing
53%
ERA Earned Run Average
53%
INN Innings
53%
LOB Left On Base
53%
MLB Major League Baseball
53%
NL National League
53%
OBP On Base Percentage
53%
P(1) Pitcher
53%
SB% Stolen Base Percentage
53%
IP Innings Pitched
50%
AL American League
47%
1B(3) First Baseman
47%
GIDP Grounded Into Double Play
47%
LF(7) Left Fielder
47%
PA Plate Appearance
47%
RF(9) Right Fielder
47%
2B(4) Second Baseman
47%
SS(6) Shortstop
47%
BB Walks
47%
BK Balk
44%
CF(8) Center Fielder
44%
CG Complete Game
44%
DP Double Play
44%
XBH Extra Base Hit
44%
SLG Slugging Percentage
44%
3B(5) Third Baseman
44%
1B/S Single
42%
DH Designated Hitter
39%
LHP Left Handed Pitcher
39%
SO Strikeouts
36%
TB Total Bases
36%
L Losses
33%
RHP Right Handed Pitcher
33%
RISP Runners in Scoring Position
33%
LIDP Lined Into Double Play
31%
SF Sacrifice Fly
31%
GP Games Played
28%
GS Games Started
28%
H/9 Hits per 9 Innings
25%
IBB Intentional Walks
25%
LOB% Left On Base Percentage
25%
K/9 Strikeouts per 9 Innings
25%
BB/9 Walks per 9 Innings
25%
A Assists
22%
PO Putouts
22%
SHO Shutouts
22%
OPS On Base Percentage Plus Slugging
19%
SH Sacrifice Hit
19%
AO/FO Air Out/Fly Out
17%
FP | FPCT Fielding Percentage
17%
AB/HR At Bats per Home Run
14%
HP Home Plate
14%
TC Total Chances
14%
BS Blown Save
11%
FIDP Flied Into Double Play
11%
GRSL Grand Slam
11%
OFA Outfield Assists
11%
PB Passed Balls
11%
PK Pickoffs
11%
QS Quality Start
11%
WP Wild Pitches
11%
CI Catcher's Interference
8%
FIP Fielding Independent Pitching
8%
GO Groundout
8%
HH% Hard Hit Percentage
8%
HLD Hold
8%
HRR Home Run Ratio
8%
IP/GS Innings Pitched per Games Started
8%
WHIP Walks Plus Hits per Innings Pitched
8%
BABIP Batting Average on Balls in Play
6%
GF Games Finished
6%
IPS Innings Per Start
6%
ITPHR Inside the Park Home Run
6%
ML SER Major League Service
6%
OBA Opponents' Batting Average
6%
SVO Save Opportunities
6%
SBA/ATT Stolen Base Attempts
6%
TP Triple Play
6%
BB/K Walk to Strikeout Ratio
6%
MB9 Baserunners per 9 Innings
3%
CGL Complete Game Loss
3%
CERA Component Earned Run Average
3%
GIDPO Double Play Opportunities
3%
EQA Equivalent Average
3%
GOAO Groundout to Airout Ratio
3%
ISO Isolated Power
3%
PA/SO Plate Appearances per Strikeout
3%
RPF Relief Pitcher Failures
3%
RW Relief Pitcher Wins
3%
SIERA Skill Interactive Earned Run Average
3%
SB Stolen Bases Allowed
3%
UZR Ultimate Zone Rating
3%
wOBA Weighted On Base Average
3%
wRC+ Weighted Runs Created Plus
3%
ADP Average Draft Position
0%
BsR Base Runs
0%
BFP Batters Facing Pitcher
0%
CBO Combined Shutout
0%
DI Defensive Indifference
0%
DICE Defensive Indifferent Component Earned Run Averagee
0%
GIR Games in Relief
0%
HR/H Home Runs per Hit Ratio
0%
IR Inherited Runners
0%
IRA Inherited Runs Allowed
0%
INT Interference
0%
PIT Pitch Count
0%
PC-ST Pitch Count to Strike Count Ratio
0%
PFR Power Finesse Ratio
0%
QOP Quality of Pitch
0%
W+S Relief Wins Plus Saves
0%
RC Runs Created
0%
RP Runs Produced
0%
TOB Times on Base
0%
TA Total Average
0%
UBR Ultimate Baserunning
0%
No matching quizzes found
Score Distribution
Percent of People with Each Score
Percentile by Number Answered
Your Score History
You have not taken this quiz